[Event "Montreal Mercredi 11"]
[Site "Montreal"]
[Date "2011.12.07"]
[Round "4"]
[White "Lacroix, Serge"]
[Black "Pozdnyakov, Alexander"]
[Result "0-1"]
[WhiteElo "1867"]
[BlackElo "1667"]
[PlyCount "71"]
[EventDate "2011.11.16"]
[EventType "swiss"]
[EventRounds "5"]
[EventCountry "CAN"]
[SourceTitle "EXT 2022"]
[Source "ChessBase"]
[SourceDate "2021.10.06"]
[SourceVersion "1"]
[SourceVersionDate "2021.10.06"]
[SourceQuality "1"]

1. d4 f5 2. c4 e6 3. Nc3 Nf6 4. g3 Be7 5. Bg2 0-0 6. Nf3 d6 7. 0-0 Ne4 8. Ne1 Nxc3 9. bxc3 e5 10. Rb1 Nc6 11. e3 Qe8 12. Nd3 Bf6 13. Nb4 Na5 14. Nd5 Bd8 15. Qe2 Be6 16. dxe5 c6 17. Ba3 cxd5 18. Bxd6 Be7 19. Bxe7 Qxe7 20. cxd5 Bd7 21. e6 Be8 22. Rfd1 Kh8 23. c4 Rc8 24. Rd4 b6 25. Rbd1 Ba4 26. R1d2 Qc5 27. d6 Nxc4 28. e7 Rfe8 29. Rd5 Qb4 30. R2d4 Qb1+ 31. Bf1 Nxd6 32. Rxd6 Bc6 33. Rd8 Qc1 34. Rxc8 Rxc8 35. Rd8+ Be8 36. Qb5 0-1

[Event "Montreal Mercredi 11"]
[Site "Montreal"]
[Date "2010.12.08"]
[Round "4"]
[White "Baran, Marius"]
[Black "Pozdnyakov, Alexander"]
[Result "1-0"]
[WhiteElo "1662"]
[BlackElo "1636"]
[PlyCount "95"]
[EventDate "2010.11.17"]
[EventType "swiss"]
[EventRounds "5"]
[EventCountry "CAN"]
[SourceTitle "EXT 2013"]
[Source "ChessBase"]
[SourceDate "2012.11.22"]
[SourceVersion "1"]
[SourceVersionDate "2012.11.22"]
[SourceQuality "1"]

1. d4 f5 2. Nf3 Nf6 3. c4 e6 4. Nc3 b6 5. g3 Bb4 6. Bd2 Bb7 7. Bg2 0-0 8. 0-0 Bxc3 9. Bxc3 Ne4 10. Rc1 Nxc3 11. Rxc3 d6 12. Qd2 Qe8 13. c5 dxc5 14. dxc5 Nc6 15. cxb6 Rd8 16. Qf4 cxb6 17. Ne5 Nd4 18. Qe3 Bxg2 19. Kxg2 Qb5 20. Re1 Qd5+ 21. Nf3 Nxf3 22. exf3 Rf6 23. b3 Rd7 24. Rc8+ Rd8 25. Rec1 Qd7 26. R8c7 Qd2 27. Qxd2 Rxd2 28. Rxa7 h6 29. Rcc7 Rg6 30. Rc8+ Kh7 31. Raa8 Rf6 32. Rc6 e5 33. Rxf6 gxf6 34. Ra6 Kg6 35. a4 b5 36. axb5 Rd4 37. Ra8 Rb4 38. Rb8 Rxb3 39. b6 Kg7 40. b7 Rb1 41. Kh3 e4 42. g4 fxg4+ 43. fxg4 Rb3+ 44. Kg2 Rb1 45. Kg3 Rb3+ 46. Kf4 Rb4 47. Kf5 Kf7 48. Rh8 1-0

[Event "Montreal Mercredi 11"]
[Site "Montreal"]
[Date "2010.12.01"]
[Round "3"]
[White "Gates, Claude Eric"]
[Black "Pozdnyakov, Alexander"]
[Result "1-0"]
[WhiteElo "1736"]
[BlackElo "1636"]
[PlyCount "89"]
[EventDate "2010.11.17"]
[EventType "swiss"]
[EventRounds "5"]
[EventCountry "CAN"]
[SourceTitle "EXT 2013"]
[Source "ChessBase"]
[SourceDate "2012.11.22"]
[SourceVersion "1"]
[SourceVersionDate "2012.11.22"]
[SourceQuality "1"]

1. c4 f5 2. g3 Nf6 3. Bg2 e6 4. Nf3 Be7 5. 0-0 0-0 6. d3 d6 7. Nc3 Nc6 8. e4 fxe4 9. dxe4 e5 10. Nh4 Qe8 11. Nf5 Bd8 12. h3 Nxe4 13. Nh6+ gxh6 14. Nxe4 Qg6 15. Be3 Kh8 16. Nc3 h5 17. Qd2 Rg8 18. Rad1 Bf5 19. Kh2 Bh4 20. Ne2 Bc2 21. Rde1 Bd3 22. Rg1 Bf6 23. Bd5 Rge8 24. h4 Nd4 25. Bxd4 Bxe2 26. Bxe5 Bxe5 27. Rxe2 c6 28. Bg2 Qg4 29. Rge1 Qxh4+ 30. Bh3 Qd8 31. f4 h4 32. fxe5 hxg3+ 33. Kg2 dxe5 34. Qxd8 Raxd8 35. Bf5 Rf8 36. Rxe5 Rd2+ 37. Kxg3 Rxb2 38. Rh1 h6 39. Rxh6+ Kg7 40. Rg6+ Kf7 41. Ree6 Rd8 42. Rh6 Rg8+ 43. Kf3 Rg7 44. Rhf6+ Kg8 45. Re8# 1-0

[Event "Montreal Mercredi 11"]
[Site "Montreal"]
[Date "2010.11.30"]
[Round "5"]
[White "Pozdnyakov, Alexander"]
[Black "Nardone, Raul"]
[Result "0-1"]
[WhiteElo "1636"]
[BlackElo "1828"]
[PlyCount "111"]
[EventDate "2010.11.17"]
[EventType "swiss"]
[EventRounds "5"]
[EventCountry "CAN"]
[SourceTitle "EXT 2013"]
[Source "ChessBase"]
[SourceDate "2012.11.22"]
[SourceVersion "1"]
[SourceVersionDate "2012.11.22"]
[SourceQuality "1"]

1. f4 d5 2. Nf3 Nf6 3. e3 g6 4. Be2 Bg7 5. 0-0 0-0 6. d3 c6 7. Qe1 Nbd7 8. Ne5 Qc7 9. d4 Ne4 10. Nd2 Nxd2 11. Bxd2 Nxe5 12. fxe5 f6 13. c4 Be6 14. exf6 exf6 15. cxd5 Bxd5 16. Bf3 Bxf3 17. Rxf3 f5 18. Qh4 Qd8 19. Qf4 Re8 20. Bc3 Re4 21. Qg3 Qd5 22. a3 Rae8 23. h4 Rg4 24. Qf2 h5 25. Rg3 Ree4 26. Rxg4 Rxg4 27. Re1 Bf6 28. e4 Rxe4 29. Rxe4 Qxe4 30. g3 Kf7 31. Kh2 Ke6 32. d5+ Qxd5 33. Qxa7 Bxc3 34. bxc3 Qd2+ 35. Kh3 Qd5 36. Kh2 Qd2+ 37. Kg1 Qd1+ 38. Kg2 Qe2+ 39. Kh3 Qg4+ 40. Kh2 f4 41. gxf4 Qxh4+ 42. Kg1 Qg3+ 43. Kh1 Qxf4 44. Qxb7 Qc1+ 45. Kh2 Qxc3 46. Qc8+ Ke7 47. Qc7+ Kf6 48. Qd8+ Kf5 49. Qf8+ Kg4 50. Qc8+ Kh4 51. a4 Qc2+ 52. Kg1 Qxa4 53. Qd8+ g5 54. Qd2 Qg4+ 55. Kh1 Qf3+ 56. Kh2 0-1

[Event "Montreal Mercredi 11"]
[Site "Montreal"]
[Date "2010.11.17"]
[Round "2"]
[White "Pozdnyakov, Alexander"]
[Black "Pregent, Daniel"]
[Result "0-1"]
[WhiteElo "1636"]
[BlackElo "1757"]
[PlyCount "86"]
[EventDate "2010.11.17"]
[EventType "swiss"]
[EventRounds "5"]
[EventCountry "CAN"]
[SourceTitle "EXT 2013"]
[Source "ChessBase"]
[SourceDate "2012.11.22"]
[SourceVersion "1"]
[SourceVersionDate "2012.11.22"]
[SourceQuality "1"]

1. e4 c6 2. d4 d5 3. exd5 cxd5 4. Bd3 Nf6 5. c3 e6 6. Nf3 Bd6 7. Bg5 Nbd7 8. Nbd2 Qc7 9. Qe2 h6 10. Bh4 Nh5 11. Bg3 Nf4 12. Bxf4 Bxf4 13. g3 Bd6 14. Nh4 Nf6 15. f4 0-0 16. Ndf3 b5 17. Ne5 b4 18. 0-0 bxc3 19. Rac1 Ne4 20. Bxe4 Bxe5 21. fxe5 dxe4 22. Rxc3 Qb6 23. Qxe4 Bb7 24. Qg4 Bd5 25. b3 a5 26. Rc5 Rad8 27. Rf6 Qb4 28. Rf1 Bxb3 29. Nf3 Bxa2 30. Rfc1 a4 31. Qe4 Bd5 32. Qe3 a3 33. Qc3 Qb2 34. Nd2 Rb8 35. Ra1 Qxc3 36. Rxc3 a2 37. Kf2 Rfc8 38. Rxc8+ Rxc8 39. Ke2 Rc3 40. Kd1 Rd3 41. Kc2 Rxd4 42. Nb3 Rb4 43. Nc1 Rb1 0-1

[Event "Montreal Mercredi 10"]
[Site "Montreal"]
[Date "2010.11.03"]
[Round "5"]
[White "Ber, Alexandre"]
[Black "Pozdnyakov, Alexander"]
[Result "0-1"]
[WhiteElo "1569"]
[BlackElo "1650"]
[PlyCount "36"]
[EventDate "2010.10.06"]
[EventType "tourn"]
[EventRounds "5"]
[EventCountry "CAN"]
[SourceTitle "EXT 2013"]
[Source "ChessBase"]
[SourceDate "2012.11.22"]
[SourceVersion "1"]
[SourceVersionDate "2012.11.22"]
[SourceQuality "1"]

1. d4 f5 2. c4 e6 3. Nc3 Nf6 4. g3 Be7 5. Bg2 d6 6. Nh3 0-0 7. 0-0 e5 8. dxe5 dxe5 9. Qb3 c6 10. c5+ Kh8 11. Rd1 Qe8 12. Ng5 Bxc5 13. Rd8 Qxd8 14. e3 Qe8 15. Bd2 Na6 16. a3 h6 17. Nf3 e4 18. Ne1 Nc7 0-1

[Event "Montreal Mercredi 12"]
[Site "Montreal"]
[Date "2010.05.12"]
[Round "1"]
[White "Bergeron, Rene"]
[Black "Pozdnyakov, Alexander"]
[Result "1-0"]
[WhiteElo "1636"]
[BlackElo "1617"]
[PlyCount "77"]
[EventDate "2010.05.12"]
[EventType "tourn"]
[EventRounds "5"]
[EventCountry "CAN"]
[SourceTitle "EXT 2013"]
[Source "ChessBase"]
[SourceDate "2012.11.22"]
[SourceVersion "1"]
[SourceVersionDate "2012.11.22"]
[SourceQuality "1"]

1. c4 e5 2. Nc3 Nc6 3. g3 g6 4. Bg2 Bg7 5. Nf3 d6 6. 0-0 h6 7. e3 Be6 8. b3 Qd7 9. Re1 Nf6 10. Rb1 0-0 11. d4 Bg4 12. dxe5 dxe5 13. Qxd7 Nxd7 14. Nd5 Rac8 15. Nd2 Rfe8 16. Ne4 Ne7 17. Nec3 c6 18. Nxe7+ Rxe7 19. Ba3 Ree8 20. Ne4 Bf5 21. Rbd1 Bxe4 22. Rxd7 Bxg2 23. Kxg2 Bf8 24. Bxf8 Kxf8 25. Rxb7 Re7 26. Rxe7 Kxe7 27. Rd1 a5 28. Kf3 a4 29. Ke4 f6 30. Kd3 Rd8+ 31. Kc2 Rxd1 32. Kxd1 axb3 33. axb3 c5 34. Kc2 e4 35. Kc3 f5 36. b4 cxb4+ 37. Kxb4 Kd7 38. Kc5 Kc7 39. Kd5 1-0

[Event "Montreal Saturday op 02"]
[Site "Montreal"]
[Date "2010.03.10"]
[Round "4"]
[White "Pozdnyakov, Alexander"]
[Black "Gauthier, Luc"]
[Result "0-1"]
[WhiteElo "1669"]
[BlackElo "1654"]
[PlyCount "80"]
[EventDate "2010.02.17"]
[EventType "tourn"]
[EventRounds "5"]
[EventCountry "CAN"]
[SourceTitle "EXT 2011"]
[Source "ChessBase"]
[SourceDate "2010.11.26"]
[SourceVersion "1"]
[SourceVersionDate "2010.11.26"]
[SourceQuality "1"]

1. f4 d5 2. Nf3 c5 3. e3 e6 4. b3 Nf6 5. Bb2 Be7 6. Ne5 a6 7. d3 Nc6 8. Be2 0-0 9. 0-0 Bd7 10. Qe1 b5 11. Nd2 Qb6 12. c4 bxc4 13. dxc4 Nb4 14. Bd1 Rad8 15. Kh1 Bc8 16. Qg3 Bb7 17. h4 d4 18. h5 Ne4 19. Nxe4 Bxe4 20. h6 g6 21. Bf3 Bxf3 22. Rxf3 Nc2 23. e4 Nxa1 24. f5 Bd6 25. fxg6 fxg6 26. Qg5 Rxf3 27. gxf3 Bxe5 28. Qxe5 Qb7 29. Bxa1 Qf7 30. Kg1 Rf8 31. b4 Qf6 32. Qxf6 Rxf6 33. e5 Rxf3 34. bxc5 d3 35. Bc3 Kf8 36. c6 Ke8 37. c5 Rf4 38. c7 Kd7 39. Ba5 Rc4 40. c6+ Rxc6 0-1

[Event "Montreal Saturday op 02"]
[Site "Montreal"]
[Date "2010.03.03"]
[Round "3"]
[White "Pozdnyakov, Alexander"]
[Black "Chesnut, Walter"]
[Result "0-1"]
[WhiteElo "1669"]
[BlackElo "1626"]
[PlyCount "80"]
[EventDate "2010.02.17"]
[EventType "tourn"]
[EventRounds "5"]
[EventCountry "CAN"]
[SourceTitle "EXT 2011"]
[Source "ChessBase"]
[SourceDate "2010.11.26"]
[SourceVersion "1"]
[SourceVersionDate "2010.11.26"]
[SourceQuality "1"]

1. e4 e5 2. Bc4 Bc5 3. Nf3 Nc6 4. d3 a6 5. Be3 Ba7 6. a4 h6 7. Nc3 d6 8. Ne2 Nf6 9. h3 Be6 10. Nd2 0-0 11. 0-0 d5 12. Bxa7 dxc4 13. Bc5 cxd3 14. cxd3 Re8 15. Qc2 Nd7 16. Ba3 Qg5 17. Nf3 Qf6 18. Kh2 Rac8 19. b4 Na7 20. d4 exd4 21. Nfxd4 Ne5 22. Bb2 Nc4 23. Bc3 Qe5+ 24. g3 Qh5 25. Nf4 Qg5 26. Ndxe6 fxe6 27. Bxg7 Ne5 28. Bxe5 Qxe5 29. Qe2 Kh7 30. Rad1 Re7 31. Nh5 Nc6 32. f4 Qc3 33. Qg4 Rg8 34. Qh4 Rf7 35. e5 Nd4 36. Nf6+ Rxf6 37. exf6 Qc2+ 38. Kh1 Qe4+ 39. Kg1 Rxg3+ 40. Qxg3 Ne2+ 0-1

[Event "Montreal Saturday op 11"]
[Site "Montreal"]
[Date "2009.11.25"]
[Round "2"]
[White "Gates, Claude Eric"]
[Black "Pozdnyakov, Alexander"]
[Result "1/2-1/2"]
[WhiteElo "1683"]
[BlackElo "1704"]
[PlyCount "98"]
[EventDate "2009.11.18"]
[EventType "tourn"]
[EventRounds "5"]
[EventCountry "CAN"]
[SourceTitle "EXT 2011"]
[Source "ChessBase"]
[SourceDate "2010.11.26"]
[SourceVersion "1"]
[SourceVersionDate "2010.11.26"]
[SourceQuality "1"]

1. c4 f5 2. g3 Nf6 3. Bg2 e5 4. Nf3 d6 5. d3 Nc6 6. Nc3 Be7 7. 0-0 0-0 8. Bg5 Be6 9. Rb1 a5 10. a3 d5 11. Bxf6 Rxf6 12. cxd5 Bxd5 13. Nxd5 Qxd5 14. Nd2 Qe6 15. Rc1 Ra6 16. Qa4 Nd4 17. Rfe1 c6 18. e3 Nb5 19. Nf3 Rf8 20. Bf1 Nd6 21. d4 b5 22. Qd1 e4 23. Ne5 Nf7 24. Nxf7 Rxf7 25. d5 Qxd5 26. Qxd5 cxd5 27. Bxb5 Rd6 28. Red1 Bf6 29. b3 Bb2 30. Rc6 Rxc6 31. Bxc6 Rc7 32. Bxd5+ Kf8 33. a4 Rc1 34. Rxc1 Bxc1 35. g4 fxg4 36. Kg2 g5 37. Bxe4 Kg7 38. h3 gxh3+ 39. Kxh3 Bd2 40. Kg4 h6 41. Bd3 Be1 42. f3 Bd2 43. e4 Kf6 44. Bb5 Ke5 45. Be8 Be3 46. Bf7 Bd2 47. Bd5 Be3 48. Kh5 Bd2 49. Kg4 Be3 1/2-1/2